Quiz Matematyka - pytania trudniejsze - Statystyki

Ogólne statystyki
  • Ten quiz został rozwiązany 207 razy
  • Średni wynik to 5 z 15
Statystyki odpowiedzi
Zagadnienie Odpowiedź % Poprawnych
Pole trójkąta ograniczonego osiami układu współrzędnych i prostą y=0.5x+3 wynosi 9
62%
Suma kwadratów pierwiastków równania 3x^2 - 4x + 1 = 0 wynosi: 1,(1)
46%
proste y=3x-1 i y=4x+2 przecinają się w punkcie: P(-3, -10)
46%
Rozwiązaniami/rozwiązaniem równania x:(x-1)=(x+2):x są liczby/jest liczba : x=2
42%
Jeśli w pewnym ciągu a1=6 i an+1=an+20 to a3 wynosi 46
38%
Rozwiązaniem równania (x-2)(x-3)(x+1)^2=0 są liczby Których suma wynosi 4
38%
Parabola y=2(x-3)^2+1 Leży w całości nad osią OX
38%
Po rozłożeniu wielomianu W(x)=x^3 - 4x^2 + x - 4 otrzymamy (x^2+1)(x-4)
35%
Podaj a jeśli wykres funkcji y=a/x przecina prostą y=x w punktach P1 i P2, a odcinek P1P2 ma długość 8. a=8
31%
Rozwiązaniem(rozwiązaniami) wymiernymi równania x^3 - 3x + 2 = 0 jest(są) liczby: -2, 1
27%
Dla jakiego parametru a iloczyn wielomianów g(x) i f(x) jest równy wielomianowi h(x), gdy f(x)=ax-4 g(x)=ax-1 h(x)=9x^2 + 15x + 4 -3
27%
Punkt/punkty przecięcia wykresów funkcji f(x)=2:x i g(x)=-x^2 + 2x + 1 to: P(-1, 2) R(2,1) S(1,2)
23%
Dla jakich x zachodzi równość sinx=cosx Tylko dla x=pi/4
23%
Równanie 4x^2 - (m-2)x + 3 = 0 ma 2 pierwiastki dla ( przyjmij przybliżenie pierwiastka z 3 równe 1,7 ) m<-4,8 i 8,8
19%
Liczba punktów wspólnych parabol y=2(x-1)(x-3) i z=0.5(x-1)^2 - 3 wynosi 0
15%
Nie znaleziono quizów pasujących do podanych kryteriów
Rozkład punktacji
Procent ludzi z każdym wynikiem
Percentyl według liczby udzielonych odpowiedzi
Twoja historia wyników
Nie rozwiązałeś tego quizu